书目信息 |
| 题名: |
墨子间诂
|
|
| 作者: | 孙诒让 著 ;孙以楷 点校 | |
| 分册: | 上 | |
| 出版信息: | 北京 中华书局 1986.02 |
|
| 页数: | 365页 | |
| 开本: | 212cm | |
| 丛书名: | 新编诸子集成 | |
| 单 册: | ||
| 中图分类: | B224.2 | |
| 科图分类: | ||
| 主题词: | 先秦哲学 | |
| 电子资源: | ||
| ISBN: | ||
| 000 | 00666nam0 2200241 45 | |
| 001 | 0312061079 | |
| 005 | 20040429093528.6 | |
| 010 | @dCNY4.60 | |
| 091 | @a2018.227 | |
| 100 | @a20031206d1986 km y0chiy0120 ea | |
| 101 | 0 | @achi |
| 105 | @a z 000yy | |
| 200 | 1 | @a墨子间诂@h上@AMo Zi Jian Gu@f(清)孙诒让著@F(Qing)Sun Yi Rang Zhu@g孙以楷点校 |
| 210 | @a北京@c中华书局@d1986.02 | |
| 215 | @a365页@d212cm | |
| 225 | @a新编诸子集成@h第一辑 | |
| 410 | @12001 @a新编诸子集成 | |
| 606 | 0 | @a先秦哲学 |
| 690 | @aB224.2@v3 | |
| 701 | 0 | @a孙诒让@4著 |
| 702 | 0 | @a孙以楷@ASun Yi Kai@4点校 |
| 801 | @aCN@bPftUser@c20031206 | |
| 905 | @dB224.2@e48:1@f2@b163788-789 | |
| 墨子间诂.上/(清)孙诒让著/孙以楷点校.-北京:中华书局,1986.02 |
| 365页;212cm.-(新编诸子集成.第一辑) |
| ISBN :CNY4.60 |
| ● |
| 相关链接 |
|
|
|
|
正题名:墨子间诂
索取号:B224.2/48:1
 
预约/预借
| 序号 | 登录号 | 条形码 | 馆藏地/架位号 | 状态 | 备注 |
| 1 | 0163788 | 000508800 | 第一借阅区/ [索取号:B224.2/48:1] | 在馆 | |
| 2 | 0163789 | 000508819 | 第一样本阅览室/ [索取号:B224.2/48:1] | 在馆 | |
| 3 | 0163790 | 001586670 | 密集书库/ [索取号:B224.2/48:1] | 在馆 |